Carta que envío don Pedro Xirón, Duque de Osuna, virrey que fue de Nápoles, al Rey don Felipe III

Detalles Bibliográficos
Formato: Libro
Publicado: Nápoles, 1619
Materias:
Colección:Banco de datos
Acervo:Biblioteca Palafoxiana. Colección de Manuscritos
Descripción Física:8 f. ; 20 x 15 cm.
Tema general:Civil
LEADER 00402nam a22001330004500
035 |a 1237 
245 1 0 |a Carta que envío don Pedro Xirón, Duque de Osuna, virrey que fue de Nápoles, al Rey don Felipe III 
260 |a Nápoles, 1619 
300 |a 8 f. ; 20 x 15 cm. 
650 1 0 |a Civil 
949 |a 32208/002 
942 |c PALAMANU 
943 |g Biblioteca Palafoxiana. Colección de Manuscritos 
999 |c 1069182  |d 1069182